<?xml version="1.0" encoding="UTF-8"?>
<collection xmlns="http://www.loc.gov/MARC21/slim">
 <record>
  <leader>01220nam a2200217   4500</leader>
  <controlfield tag="001">1/32601</controlfield>
  <controlfield tag="008">020126s2006    gr       bm   000 0 eng d</controlfield>
  <datafield tag="035" ind1=" " ind2=" ">
   <subfield code="l">34977</subfield>
  </datafield>
  <datafield tag="082" ind1="0" ind2="0">
   <subfield code="a">388.049 ΣΠΥ</subfield>
  </datafield>
  <datafield tag="100" ind1="1" ind2=" ">
   <subfield code="a">Σπυράτου, Παρασκευή Γ.</subfield>
  </datafield>
  <datafield tag="245" ind1="1" ind2="0">
   <subfield code="a">Μεταφορικές υποδομές και περιφερειακή - οικονομική ανάπτυξη :</subfield>
   <subfield code="b">ο ρόλος της Εγνατίας οδού /</subfield>
   <subfield code="c">Παρασκευή Γ. Σπυράτου.</subfield>
  </datafield>
  <datafield tag="260" ind1=" " ind2=" ">
   <subfield code="a">Πειραιάς :</subfield>
   <subfield code="b">[χ.ό.],</subfield>
   <subfield code="c">2006.</subfield>
  </datafield>
  <datafield tag="300" ind1=" " ind2=" ">
   <subfield code="a">76 σ. :</subfield>
   <subfield code="b">εικ. ;</subfield>
   <subfield code="c">30 εκ. +</subfield>
   <subfield code="e">1 οπτικό δίσκο Η/Υ.</subfield>
  </datafield>
  <datafield tag="502" ind1=" " ind2=" ">
   <subfield code="a">Διατριβή (Δ.Ε.)--Πανεπιστήμιο Πειραιώς, 2006.</subfield>
  </datafield>
  <datafield tag="504" ind1=" " ind2=" ">
   <subfield code="a">Περιέχει βιβλιογραφία.</subfield>
  </datafield>
  <datafield tag="650" ind1=" " ind2="4">
   <subfield code="a">Διατριβές.</subfield>
  </datafield>
  <datafield tag="650" ind1=" " ind2="4">
   <subfield code="a">Μεταφορές</subfield>
   <subfield code="x">Οικονομικές απόψεις.</subfield>
  </datafield>
  <datafield tag="650" ind1=" " ind2="4">
   <subfield code="a">Οικονομική ανάλυση.</subfield>
  </datafield>
  <datafield tag="710" ind1="2" ind2=" ">
   <subfield code="a">Πανεπιστήμιο Πειραιώς. Τμήμα Ναυτιλιακών Σπουδών.</subfield>
  </datafield>
  <datafield tag="852" ind1=" " ind2=" ">
   <subfield code="a">INST</subfield>
   <subfield code="b">UNIPILB</subfield>
   <subfield code="c">DISS</subfield>
   <subfield code="e">20070713</subfield>
   <subfield code="h">388.049 ΣΠΥ</subfield>
   <subfield code="p">00152791</subfield>
   <subfield code="q">00152791</subfield>
   <subfield code="t">NOLOAN</subfield>
   <subfield code="y">23</subfield>
   <subfield code="4">1</subfield>
  </datafield>
  <datafield tag="856" ind1="4" ind2="1">
   <subfield code="u">http://digilib.lib.unipi.gr/dspace/handle/unipi/1652</subfield>
  </datafield>
 </record>
</collection>
